La profética carta de Jamaica de Bolívar : (Record no. 110286)

MARC details
000 -LEADER
campo de control de longitud fija 01131cam a2200277Ia 4500
001 - NÚMERO DE CONTROL
campo de control 37762
005 - FECHA Y HORA DE LA ÚLTIMA TRANSACCIÓN
campo de control 20230411085955.0
008 - DATOS DE LONGITUD FIJA--INFORMACIÓN GENERAL
campo de control de longitud fija 821021s1976 pn 000 0 spa d
035 ## - NÚMERO DE CONTROL DEL SISTEMA
Número de control de sistema (OCoLC)ocm08880381
040 ## - FUENTE DE CATALOGACIÓN
Centro catalogador/agencia de origen CGP
Centro/agencia transcriptor CGP
035 ## - NÚMERO DE CONTROL DEL SISTEMA
Número de control de sistema (OCoLC)8880381
043 ## - CÓDIGO DE ÁREA GEOGRÁFICA
Código de área geográfica cl-----
-- e-sp---
090 ## - LOCALMENTE ASIGNADO TIPO-LC NÚMERO DE CLASIFICACIÓN (OCLC); NÚMERO DE CLASIFICACIÓN LOCAL (RLIN)
Número de clasificación (OCLC) (R) ; Numero de clasificación, CALL (RLIN) (NR) F1412
Número cutter local (OCLC) ; Número de libro/Signatura topográfica íntegra, CALL (RLIN) .B68 1976
049 ## - FONDOS LOCALES (OCLC)
Biblioteca depositaria LTNA
245 03 - MENCIÓN DEL TÍTULO
Título La profética carta de Jamaica de Bolívar :
Resto del título contestación de un americano meridional a un caballero de esta isla.
260 ## - PUBLICACIÓN, DISTRIBUCIÓN, ETC.
Lugar de publicación, distribución, etc. Panamá :
Nombre del editor, distribuidor, etc. Editora Renovación,
Fecha de publicación, distribución, etc. 1976.
300 ## - DESCRIPCIÓN FÍSICA
Extensión 22 p. ;
Dimensiones 21 cm.
500 ## - NOTA GENERAL
Nota general "Publicaciones de la Coordinación de Propaganda del Comité Nacional del Sesquincentenario del Congreso Anfictiónico de Panamá de 1826."
500 ## - NOTA GENERAL
Nota general Cover title: La profética carta de Jamaica de Bolívar sobre el porvenir de América, 1815.
651 #0 - PUNTO DE ACCESO ADICIONAL DE MATERIA--NOMBRE GEOGRÁFICO
Nombre geográfico Latin America
Subdivisión general Politics and government
Subdivisión cronológica 1806-1830.
651 #0 - PUNTO DE ACCESO ADICIONAL DE MATERIA--NOMBRE GEOGRÁFICO
Nombre geográfico Spain
Subdivisión general Colonies
-- Administration.
700 1# - ENTRADA AGREGADA--NOMBRE PERSONAL
Nombre de persona Bolívar, Simón,
Fechas asociadas al nombre 1783-1830.
710 2# - ENTRADA AGREGADA--NOMBRE DE ENTIDAD CORPORATIVA
Nombre de entidad corporativa o nombre de jurisdicción como elemento de entrada Comité Nacional del Sesquincentenario del Congreso Anfictiónico de Panamá de 1826.
942 ## - ELEMENTOS DE ENTRADA SECUNDARIOS (KOHA)
Fuente del sistema de clasificación o colocación Clasificación de Library of Congress
Tipo de ítem Koha
994 ## -
-- C0
-- LTN
Holdings
Estatus retirado Estado de pérdida Fuente del sistema de clasificación o colocación Estado de daño No para préstamo Colección Biblioteca de origen Biblioteca actual Ubicación en estantería Fecha de adquisición Código de barras Visto por última vez Copia número Tipo de ítem Koha
    Clasificación de Library of Congress     Automatización y Procesos Técnicos Biblioteca Juan Bosch Biblioteca Juan Bosch Automatización y Procesos Técnicos (1er. Piso) 11/04/2023 00000039047 17/02/2019 1